Statistics for 2018 FIFA World Cup Teams

Click here to take the quiz!

General Stats

  • This quiz has been taken 53,801 times
  • The average score is 26 of 32

Answer Stats

GroupTeam% Correct
Group CFrance
96%
Group DArgentina
95%
Group ARussia
95%
Group BSpain
95%
Group EBrazil
94%
Group FGermany
94%
Group BPortugal
93%
Group GEngland
92%
Group HJapan
89%
Group GBelgium
87%
Group FMexico
87%
Group FSweden
86%
Group FSouth Korea
84%
Group CAustralia
83%
Group DCroatia
83%
Group HColombia
82%
Group AUruguay
82%
Group AEgypt
81%
Group DNigeria
77%
Group HPoland
77%
Group CDenmark
76%
Group ESwitzerland
74%
Group BIran
73%
Group ASaudi Arabia
73%
Group CPeru
72%
Group BMorocco
70%
Group DIceland
69%
Group GPanama
68%
Group ECosta Rica
64%
Group HSenegal
64%
Group ESerbia
62%
Group GTunisia
59%

Score Distribution

Percentile by Number Answered

Percent of People with Each Score

Your Score History

You have not taken this quiz